000 01571namaa2200385uu 4500
001 doab131997
003 oapen
005 20260218110428.0
006 m o d
007 cr|mn|---annan
008 231214s2024 xx |||||o ||| 0|eng d
020 _a9781350296046
020 _a97813502966053
040 _aoapen
_coapen
_d
041 0 _aeng
042 _adc
720 1 _aThieme, John
_4aut
245 0 0 _aAnthropocence Realism
_bFiction in the Age of Climate Change
260 _c2024
300 _a1 online resource
336 _atext
_btxt
_2rdacontent
337 _acomputer
_bc
_2rdamedia
338 _aonline resource
_bcr
_2rdacarrier
506 0 _fUnrestricted online access
_2star
520 _aThe book considers the poetics of twenty-first century climate change fiction, focusing on realism and exploring the realist mode as a means to engage readers with what is without doubt one of, if not the, most pressing problem of our day: climate change
536 _aKnowledge Unlatched
540 _aCreative Commons
_fhttps://creativecommons.org/licenses/by-nc-nd/4.0/
_2cc
_uhttps://creativecommons.org/licenses/by-nc-nd/4.0/
546 _aEnglish
650 7 _aClimate change
_2bicssc
650 7 _aHistory of Western philosophy
_2bicssc
650 7 _aLiterary studies: poetry & poets
_2bicssc
793 0 _aDOAB Library.
856 _uhttps://docs.google.com/spreadsheets/d/1yKIrdCPDAG_9c22mwoOIO2DOhtj65Wqa/edit?usp=sharing&ouid=106555315294820607512&rtpof=true&sd=true
_yList of Curated E-Books
942 _cE-BOOK
999 _c80958
_d80957